000 01179nam a2200277 i 4500
003 DO-SdBNP
005 20230814105554.0
006 a||||gr|||| 00| 0
007 ta
008 230814e2023 dr ac||| |||| 00| e spa d
020 _a9789945504255
040 _aDO-SdBNP
_bspa
_cBNPHU
_erda
082 4 _222
_bC352c
245 1 0 _aComunicación y civismo:
_bejes fundamentales de la sociedad. /
_cYnalda Mercedes Castillo Sandoval, foto portada y por capítulo: Odalis Santiago Taveras Castillo; prólogo: Onofre De la Rosa
264 1 _a[Santo Domingo] :
_bNuevo Diario,
_c2023
300 _a260 páginas :
_bIlustraciones, fotografías ;
_c22 cm.
336 _2rdacontent
_atexto
_btxt
337 _2rdamedia
_asin mediación
_bn
338 _2rdacarrier
_avolumen
_bnc
500 _aRecopilación de artículos de opinión publicados en los principales periódicos nacionales que constituyen importantes reflexiones.
500 _aIncluye datos biográficos de la autora en la solapa de la cubierta.
590 _aInventariado 2023 / MF
700 1 _aTaveras Castillo, Odalis Santiago
_efotógrafa
_983940
700 1 _aRosa, Onofre de la
_953700
_eprólogo
942 _2ddc
_cLBS1
999 _c54391
_d54391